| 000 | 00819nam a2200241 a 4500 | ||
|---|---|---|---|
| 001 | BRCA_7856 | ||
| 005 | 20190320210027.0 | ||
| 008 | 151113s1964----uk-a######---#000-0#eng-# | ||
| 041 | _aeng | ||
| 044 | _aUk | ||
| 050 | 4 |
_aNK4565 _b.H93 1964 |
|
| 100 | 1 |
_aHyde, J. A. Lloyd _919445 |
|
| 245 | 1 | 0 |
_aOriental lowestoft, chinese export porcelain. Porcelaine de la Cie des Indes, with special reference to the trade with China and the porcelain decorated for the American market _cby J. A. Lloyd Hyde. |
| 250 | _a3 | ||
| 260 |
_aNewport, Monmouthshire _bCeramic Book Co. _cc1964 |
||
| 300 |
_aviii, 168 p. _bil., 37 láminas _c31 cm. |
||
| 500 | _aY81 | ||
| 650 | 1 | 4 |
_aPorcelana china _91313 |
| 650 | 1 | 4 |
_aArte _xIndustria y comercio _97236 |
| 650 | 1 | 4 |
_aLowestoft, Cerámica de _97237 |
| 902 | _aGFM | ||
| 942 |
_2lcc _cB |
||
| 999 |
_c7530 _d7530 |
||